[Event "Gatineau LEO-B"]
[Site "Gatineau"]
[Date "2010.04.13"]
[Round "1"]
[White "Levesque, Andre"]
[Black "Scantland, Patrick"]
[Result "0-1"]
[WhiteElo "1340"]
[BlackElo "1734"]
[PlyCount "86"]
[EventDate "2010.04.13"]
[EventType "swiss"]
[EventRounds "6"]
[EventCountry "CAN"]
[SourceTitle "EXT 2011"]
[Source "ChessBase"]
[SourceDate "2010.11.26"]
[SourceVersion "1"]
[SourceVersionDate "2010.11.26"]
[SourceQuality "1"]

1. e4 c5 2. Nc3 d6 3. f4 Nc6 4. Nf3 g6 5. g3 Bg7 6. Bg2 e6 7. 0-0 Nge7 8. d3 Rb8 9. Be3 b5 10. Rb1 Nd4 11. Ne2 Nec6 12. c3 Nxe2+ 13. Qxe2 0-0 14. Qd2 a5 15. d4 Ba6 16. f5 b4 17. Rfd1 bxc3 18. bxc3 Qe7 19. Bh6 exf5 20. Bxg7 Kxg7 21. exf5 Qf6 22. Ng5 Qxf5 23. Rxb8 Nxb8 24. Rf1 Bxf1 25. Bxf1 Re8 26. Nh3 Qe4 27. Qb2 cxd4 28. cxd4 d5 29. Nf4 Nc6 30. Ne2 Nb4 31. Nf4 Qf3 32. a3 Re1 33. Qf2 Rxf1+ 34. Kxf1 Qxa3 35. Qe2 Qa1+ 36. Kf2 Qxd4+ 37. Kf3 a4 38. Kg2 a3 39. Qg4 Qe4+ 40. Kh3 Qf5 41. Ne2 Qxg4+ 42. Kxg4 a2 43. Nc1 a1Q 0-1

[Event "Quebec-ch qual"]
[Site "Gatineau"]
[Date "2010.03.30"]
[Round "4"]
[White "Levesque, Andre"]
[Black "Wilson, Alan"]
[Result "1-0"]
[WhiteElo "1364"]
[BlackElo "1405"]
[PlyCount "65"]
[EventDate "2010.03.09"]
[EventType "swiss"]
[EventRounds "5"]
[EventCountry "CAN"]
[SourceTitle "EXT 2011"]
[Source "ChessBase"]
[SourceDate "2010.11.26"]
[SourceVersion "1"]
[SourceVersionDate "2010.11.26"]
[SourceQuality "1"]

1. e4 e6 2. d4 d5 3. Nd2 c5 4. Ngf3 Nc6 5. c3 Nge7 6. Bd3 c4 7. Bc2 Ng6 8. 0-0 e5 9. exd5 Qxd5 10. Be4 Qd6 11. Nxc4 Qf6 12. Bg5 Qe6 13. d5 Qd7 14. dxc6 bxc6 15. Ncxe5 Qxd1 16. Raxd1 f6 17. Nxg6 hxg6 18. Bxc6+ Kf7 19. Bf4 g5 20. Bc7 Ba6 21. Rfe1 Rc8 22. Bd5+ Kg6 23. Bg3 g4 24. Nd4 Rh5 25. Be6 Rb8 26. Bxb8 f5 27. Bd5 Kg5 28. Ne6+ Kg6 29. Nxf8+ Kf6 30. Re6+ Kg5 31. Rg6+ Kh4 32. g3+ Kh3 33. Bg2# 1-0

[Event "Quebec-ch qual"]
[Site "Gatineau"]
[Date "2010.03.23"]
[Round "3"]
[White "Dagenais, Benoit"]
[Black "Levesque, Andre"]
[Result "1-0"]
[WhiteElo "1454"]
[BlackElo "1364"]
[PlyCount "101"]
[EventDate "2010.03.09"]
[EventType "swiss"]
[EventRounds "5"]
[EventCountry "CAN"]
[SourceTitle "EXT 2011"]
[Source "ChessBase"]
[SourceDate "2010.11.26"]
[SourceVersion "1"]
[SourceVersionDate "2010.11.26"]
[SourceQuality "1"]

1. g3 e5 2. Nf3 Nc6 3. d4 exd4 4. Nxd4 Nxd4 5. Qxd4 Nf6 6. Bg2 Be7 7. 0-0 0-0 8. Nc3 c6 9. e4 d6 10. Re1 Be6 11. b3 Qc7 12. Bb2 Rad8 13. Qxa7 Nd7 14. Qe3 Bf6 15. Rab1 Rfe8 16. Ne2 Bxb2 17. Rxb2 Nf6 18. a4 d5 19. Qf4 Qb6 20. e5 Nd7 21. Nd4 Rf8 22. Qe3 c5 23. Nxe6 fxe6 24. f4 d4 25. Qf3 Rb8 26. Qh5 c4 27. Be4 g6 28. Bxg6 hxg6 29. Qxg6+ Kh8 30. Qh6+ Kg8 31. Qg6+ Kh8 32. Kg2 c3 33. Rbb1 Qc6+ 34. Kh3 Rbe8 35. Rbd1 Re7 36. Qe4 Rh7+ 37. Kg2 Qc7 38. Qxd4 Rf5 39. Qd6 Qc6+ 40. Qxc6 bxc6 41. Rd6 Rg7 42. a5 Rxf4 43. Rxd7 Rxd7 44. gxf4 Rd2+ 45. Kf3 Rxc2 46. Ra1 Rb2 47. a6 c2 48. a7 Ra2 49. a8Q+ Rxa8 50. Rxa8+ Kg7 51. Ra1 1-0

[Event "Quebec-ch qual"]
[Site "Gatineau"]
[Date "2010.03.09"]
[Round "1"]
[White "Levesque, Andre"]
[Black "Scantland, Patrick"]
[Result "0-1"]
[WhiteElo "1364"]
[BlackElo "1756"]
[PlyCount "106"]
[EventDate "2010.03.09"]
[EventType "swiss"]
[EventRounds "5"]
[EventCountry "CAN"]
[SourceTitle "EXT 2011"]
[Source "ChessBase"]
[SourceDate "2010.11.26"]
[SourceVersion "1"]
[SourceVersionDate "2010.11.26"]
[SourceQuality "1"]

1. e4 c5 2. Nc3 g6 3. g3 Bg7 4. Bg2 Nc6 5. d3 e6 6. f4 Nge7 7. Nf3 d6 8. 0-0 Nd4 9. Be3 Nec6 10. Rb1 Rb8 11. a3 0-0 12. Ne2 Nxf3+ 13. Bxf3 Nd4 14. Nxd4 cxd4 15. Bd2 b5 16. h3 a5 17. b4 axb4 18. Bxb4 Re8 19. Bg2 Qc7 20. g4 f5 21. g5 Bd7 22. h4 e5 23. Bd2 Rec8 24. Rc1 exf4 25. Bxf4 Be5 26. h5 d5 27. Bxe5 Qxe5 28. exd5 Qe3+ 29. Kh1 Qxg5 30. hxg6 hxg6 31. Qe1 Re8 32. Qf2 Re3 33. Qf4 Qxf4 34. Rxf4 b4 35. axb4 Rxb4 36. c3 Rb2 37. Rxd4 Ree2 38. Rg1 g5 39. c4 f4 40. Re4 Red2 41. Re5 Bh3 42. Rxg5+ Kf7 43. d6 f3 44. Rg7+ Kxg7 45. Bxh3+ Kf6 46. Bg2 fxg2+ 47. Rxg2 Rb1+ 48. Kh2 Rxd3 49. c5 Rc1 50. Rf2+ Ke6 51. Re2+ Kd5 52. d7 Kxc5 53. Re7 Rc2+ 0-1

[Event "Gatineau CEH op"]
[Site "Gatineau"]
[Date "2010.01.26"]
[Round "3"]
[White "Scantland, Patrick"]
[Black "Levesque, Andre"]
[Result "1-0"]
[WhiteElo "1759"]
[BlackElo "1346"]
[PlyCount "115"]
[EventDate "2010.01.12"]
[EventType "swiss"]
[EventRounds "7"]
[EventCountry "CAN"]
[SourceTitle "EXT 2011"]
[Source "ChessBase"]
[SourceDate "2010.11.26"]
[SourceVersion "1"]
[SourceVersionDate "2010.11.26"]
[SourceQuality "1"]

1. e4 c5 2. Nf3 Nc6 3. d4 cxd4 4. Nxd4 g6 5. c4 Nf6 6. Nc3 Bg7 7. Be3 0-0 8. Be2 d6 9. 0-0 Nxd4 10. Bxd4 Be6 11. Rc1 a6 12. Qd2 Rc8 13. b3 Qa5 14. Rfd1 Bd7 15. f3 e6 16. Be3 Ne8 17. Bh6 Qc5+ 18. Be3 Bh6 19. Bxc5 Bxd2 20. Rxd2 Rxc5 21. Rcd1 b5 22. b4 Rc8 23. c5 Rd8 24. cxd6 Bc6 25. e5 Ng7 26. g4 f6 27. exf6 Rxf6 28. Ne4 Bxe4 29. fxe4 Rf4 30. Rd4 e5 31. R4d2 Rxe4 32. Rb2 Ne6 33. Bf3 Rf4 34. Rf2 Kg7 35. a3 Ng5 36. Kg2 e4 37. Be2 Nh3 38. Rxf4 Nxf4+ 39. Kf2 g5 40. d7 Kf7 41. Bf1 Ke7 42. Ke3 Rxd7 43. Rxd7+ Kxd7 44. Kxe4 Kd6 45. h4 h6 46. hxg5 hxg5 47. Kf5 Ne6 48. Bg2 Nf4 49. Bb7 Ne6 50. Bxa6 Ke7 51. Bc8 Nd4+ 52. Kxg5 Nc2 53. Kg6 Nxa3 54. Kh7 Kf6 55. Kh6 Kf7 56. g5 Nc4 57. g6+ Kf8 58. g7+ 1-0

[Event "Gatineau CEH op"]
[Site "Gatineau"]
[Date "2010.01.19"]
[Round "2"]
[White "Levesque, Andre"]
[Black "Berthiaume, Serge"]
[Result "1-0"]
[WhiteElo "1346"]
[BlackElo "1350"]
[PlyCount "59"]
[EventDate "2010.01.12"]
[EventType "swiss"]
[EventRounds "7"]
[EventCountry "CAN"]
[SourceTitle "EXT 2011"]
[Source "ChessBase"]
[SourceDate "2010.11.26"]
[SourceVersion "1"]
[SourceVersionDate "2010.11.26"]
[SourceQuality "1"]

1. e4 e5 2. Nf3 Nc6 3. Bb5 a6 4. Ba4 Nf6 5. 0-0 Bc5 6. c3 0-0 7. Nxe5 Nxe4 8. d4 Ba7 9. Re1 Nxe5 10. Rxe4 Nc4 11. Bc2 d5 12. Re1 c6 13. Bf4 Nxb2 14. Qh5 f5 15. Re3 Rf7 16. Rg3 Bb8 17. Bxb8 Rxb8 18. Nd2 Qa5 19. Nf3 g6 20. Rxg6+ hxg6 21. Qxg6+ Rg7 22. Qe8+ Kh7 23. Bxf5+ Bxf5 24. Qxb8 Qxc3 25. Qf4 Nd3 26. Qxf5+ Kh6 27. Qh3+ Kg6 28. Ne5+ Nxe5 29. Qxc3 Nc4 30. Re1 1-0

[Event "Gatineau Defi Nez-B"]
[Site "Gatineau"]
[Date "2009.11.24"]
[Round "2"]
[White "Scantland, Patrick"]
[Black "Levesque, Andre"]
[Result "1-0"]
[WhiteElo "1768"]
[BlackElo "1322"]
[PlyCount "105"]
[EventDate "2009.11.17"]
[EventType "swiss"]
[EventRounds "5"]
[EventCountry "CAN"]
[SourceTitle "EXT 2011"]
[Source "ChessBase"]
[SourceDate "2010.11.26"]
[SourceVersion "1"]
[SourceVersionDate "2010.11.26"]
[SourceQuality "1"]

1. e4 c5 2. Nf3 Nc6 3. d4 cxd4 4. Nxd4 g6 5. c4 Bg7 6. Be3 Nf6 7. Nc3 0-0 8. Be2 d6 9. 0-0 Bd7 10. f4 Qb6 11. Qd2 Nxd4 12. Bxd4 Qc6 13. e5 dxe5 14. fxe5 Ng4 15. Nd5 Rfe8 16. Qf4 Bh6 17. Qxf7+ Kh8 18. Bxg4 e6 19. Nf6 Bg7 20. Nxd7 Rad8 21. Nf6 Rf8 22. Qxe6 Qxe6 23. Bxe6 Rxd4 24. Rad1 Rxd1 25. Rxd1 Bxf6 26. exf6 Rxf6 27. Rd8+ Kg7 28. Bd5 Rb6 29. b3 Ra6 30. g4 h6 31. h4 Kf6 32. a4 Rb6 33. Rf8+ Ke5 34. Rf3 Rb4 35. Kf2 a6 36. Ke3 Rxb3+ 37. Kf2 Rb4 38. Re3+ Kd4 39. Kf3 b5 40. axb5 axb5 41. Re4+ Kc5 42. Kf4 bxc4 43. Rxc4+ Rxc4+ 44. Bxc4 Kxc4 45. Ke5 Kc5 46. Kf6 h5 47. g5 Kd6 48. Kxg6 Ke7 49. Kxh5 Kf8 50. Kg6 Kg8 51. h5 Kh8 52. Kf7 Kh7 53. g6+ 1-0

[Event "Gatineau Defi Nez-B"]
[Site "Gatineau"]
[Date "2009.11.17"]
[Round "1"]
[White "Levesque, Andre"]
[Black "Lacourse, Guy"]
[Result "1-0"]
[WhiteElo "1322"]
[BlackElo "1684"]
[PlyCount "53"]
[EventDate "2009.11.17"]
[EventType "swiss"]
[EventRounds "5"]
[EventCountry "CAN"]
[SourceTitle "EXT 2011"]
[Source "ChessBase"]
[SourceDate "2010.11.26"]
[SourceVersion "1"]
[SourceVersionDate "2010.11.26"]
[SourceQuality "1"]

1. e4 c5 2. Nc3 Nc6 3. g3 g6 4. Bg2 Bg7 5. f4 d6 6. Nf3 e6 7. 0-0 Nge7 8. d3 Nd4 9. Rb1 Nec6 10. a3 0-0 11. Ne2 b5 12. c3 Nxe2+ 13. Qxe2 Rb8 14. e5 d5 15. Bd2 Re8 16. d4 c4 17. b3 Qa5 18. Ra1 Qc7 19. b4 a5 20. Be3 Bd7 21. Qd2 Bf8 22. f5 Ra8 23. Bh6 Kh8 24. Bxf8 Rxf8 25. f6 Rg8 26. Qh6 Ne7 27. Ng5 1-0

[Event "Gatineau Maisonneuve Memorial"]
[Site "Gatineau"]
[Date "2009.10.27"]
[Round "3"]
[White "Lacourse, Guy"]
[Black "Levesque, Andre"]
[Result "1-0"]
[WhiteElo "1693"]
[BlackElo "1307"]
[PlyCount "43"]
[EventDate "2009.10.13"]
[EventType "swiss"]
[EventRounds "5"]
[EventCountry "CAN"]
[SourceTitle "EXT 2011"]
[Source "ChessBase"]
[SourceDate "2010.11.26"]
[SourceVersion "1"]
[SourceVersionDate "2010.11.26"]
[SourceQuality "1"]

1. d4 f5 2. e4 fxe4 3. Nc3 Nf6 4. Bg5 c6 5. Bxf6 exf6 6. Nxe4 d5 7. Nd2 Bd6 8. Ngf3 0-0 9. Be2 Nd7 10. 0-0 Nb6 11. a4 a5 12. c4 dxc4 13. Nxc4 Bc7 14. Nxb6 Bxb6 15. Qb3+ Kh8 16. Rad1 Bg4 17. d5 c5 18. d6 Bh5 19. Bc4 Be8 20. Nh4 f5 21. Qg3 Bxa4 22. Ng6+ 1-0

[Event "Gatineau Maisonneuve Memorial"]
[Site "Gatineau"]
[Date "2009.10.20"]
[Round "2"]
[White "Levesque, Andre"]
[Black "Menard, Marc"]
[Result "1-0"]
[WhiteElo "1307"]
[BlackElo "1495"]
[PlyCount "65"]
[EventDate "2009.10.13"]
[EventType "swiss"]
[EventRounds "5"]
[EventCountry "CAN"]
[SourceTitle "EXT 2011"]
[Source "ChessBase"]
[SourceDate "2010.11.26"]
[SourceVersion "1"]
[SourceVersionDate "2010.11.26"]
[SourceQuality "1"]

1. e4 e5 2. Nf3 Nc6 3. Bb5 Nf6 4. 0-0 Bc5 5. c3 0-0 6. d4 exd4 7. cxd4 Bb6 8. Nc3 a6 9. Ba4 d6 10. h3 Ba7 11. Be3 b5 12. Bc2 Nb4 13. Bb3 c5 14. a3 Nc6 15. d5 Na5 16. Ba2 Re8 17. Bg5 h6 18. Bh4 g5 19. Nxg5 hxg5 20. Bxg5 Kg7 21. f4 c4+ 22. Kh1 Be3 23. Qf3 Qb6 24. f5 Bxg5 25. Qg3 Kh6 26. Ne2 Rxe4 27. Ng1 Re3 28. Nf3 Bxf5 29. Qxg5+ Kh7 30. Qxf5+ Kg7 31. Qg5+ Kf8 32. Qxf6 Rae8 33. Ng5 1-0

[Event "Hull CC 29 Anniv-B"]
[Site "Gatineau"]
[Date "2009.09.08"]
[Round "1"]
[White "Scantland, Patrick"]
[Black "Levesque, Andre"]
[Result "1-0"]
[WhiteElo "1742"]
[BlackElo "1307"]
[PlyCount "75"]
[EventDate "2009.09.08"]
[EventType "swiss"]
[EventRounds "5"]
[EventCountry "CAN"]
[SourceTitle "EXT 2011"]
[Source "ChessBase"]
[SourceDate "2010.11.26"]
[SourceVersion "1"]
[SourceVersionDate "2010.11.26"]
[SourceQuality "1"]

1. e4 c5 2. Nf3 Nc6 3. d4 cxd4 4. Nxd4 g6 5. c4 Bg7 6. Be3 Nf6 7. Nc3 0-0 8. Be2 d6 9. 0-0 a6 10. f4 Qc7 11. Rc1 Bd7 12. Bf3 Rab8 13. Nd5 Qd8 14. a3 Re8 15. b4 Nxd5 16. cxd5 Nxd4 17. Bxd4 Bxd4+ 18. Qxd4 b5 19. Rc3 Rf8 20. h4 f6 21. Rfc1 e5 22. dxe6 Bxe6 23. Rc6 Rf7 24. Rxd6 Rd7 25. Rd1 Rxd6 26. Qxd6 Qb6+ 27. Qxb6 Rxb6 28. e5 Bc4 29. Rd6 Rxd6 30. exd6 Kf8 31. Kf2 Ke8 32. Bc6+ Kd8 33. Ke3 Be6 34. Kd4 h6 35. Kc5 g5 36. fxg5 hxg5 37. hxg5 Bd7 38. gxf6 1-0

[Event "Gatineau Hull CC-chB"]
[Site "Gatineau"]
[Date "2009.04.14"]
[Round "1"]
[White "Levesque, Andre"]
[Black "Lacourse, Guy"]
[Result "0-1"]
[WhiteElo "1302"]
[BlackElo "1614"]
[PlyCount "84"]
[EventDate "2009.04.14"]
[EventType "swiss"]
[EventRounds "5"]
[EventCountry "CAN"]
[SourceTitle "EXT 2011"]
[Source "ChessBase"]
[SourceDate "2010.11.26"]
[SourceVersion "1"]
[SourceVersionDate "2010.11.26"]
[SourceQuality "1"]

1. e4 c5 2. Nc3 Nc6 3. f4 d6 4. Nf3 e5 5. fxe5 dxe5 6. Bb5 Bg4 7. Bxc6+ bxc6 8. 0-0 Qc7 9. d3 Be7 10. Qe1 Rb8 11. Qg3 Nf6 12. Nxe5 Bd6 13. Bf4 Nh5 14. Qxg4 Nxf4 15. Nc4 Ne6 16. Nxd6+ Qxd6 17. b3 Qd4+ 18. Rf2 Qxc3 19. Raf1 0-0 20. Qg3 Qd4 21. Kh1 Rbd8 22. h4 g6 23. h5 Qg7 24. hxg6 Qh6+ 25. Kg1 fxg6 26. Qe5 Nd4 27. Qxc5 Rxf2 28. Qc4+ Kh8 29. Rxf2 Qe3 30. Qf7 Qc1+ 31. Kh2 Qh6+ 32. Kg1 Qg7 33. Qc4 Qh6 34. g3 Qh3 35. Rf8+ Rxf8 36. Qxd4+ Kg8 37. Qc4+ Kg7 38. Qd4+ Rf6 39. Qxa7+ Kh6 40. Qe3+ g5 41. Qe2 Qxg3+ 42. Kh1 Rf2 0-1

[Event "Gatineau Qualification CIQ"]
[Site "Gatineau"]
[Date "2009.04.07"]
[Round "5"]
[White "Lacourse, Guy"]
[Black "Levesque, Andre"]
[Result "1-0"]
[WhiteElo "1606"]
[BlackElo "1263"]
[PlyCount "51"]
[EventDate "2009.03.10"]
[EventType "swiss"]
[EventRounds "5"]
[EventCountry "CAN"]
[SourceTitle "EXT 2010"]
[Source "ChessBase"]
[SourceDate "2010.11.25"]
[SourceVersion "1"]
[SourceVersionDate "2010.11.25"]
[SourceQuality "1"]

1. d4 f5 2. e4 fxe4 3. Nc3 Nf6 4. Bg5 d5 5. Bxf6 exf6 6. Qh5+ g6 7. Qxd5 Qe7 8. Qxe4 Qxe4+ 9. Nxe4 Bg7 10. 0-0-0 0-0 11. Bc4+ Kh8 12. h4 Nc6 13. h5 gxh5 14. Ng3 f5 15. c3 Bh6+ 16. Kb1 Bf4 17. Nxh5 Bd6 18. f4 a6 19. Nf3 Ne7 20. Ng5 b5 21. Nf7+ Rxf7 22. Bxf7 Bb7 23. Rh2 Bd5 24. Nf6 Kg7 25. Bxd5 Kxf6 26. Bxa8 1-0

[Event "Gatineau Qualification CIQ"]
[Site "Gatineau"]
[Date "2009.03.24"]
[Round "3"]
[White "Levesque, Andre"]
[Black "Pilon, Robert"]
[Result "1-0"]
[WhiteElo "1263"]
[BlackElo "1462"]
[PlyCount "39"]
[EventDate "2009.03.10"]
[EventType "swiss"]
[EventRounds "5"]
[EventCountry "CAN"]
[SourceTitle "EXT 2010"]
[Source "ChessBase"]
[SourceDate "2010.11.25"]
[SourceVersion "1"]
[SourceVersionDate "2010.11.25"]
[SourceQuality "1"]

1. e4 e6 2. d4 d5 3. Nd2 dxe4 4. Nxe4 b6 5. Bd3 Bb7 6. Nf3 Nf6 7. Nxf6+ Qxf6 8. Bb5+ Nc6 9. Bd3 Nxd4 10. Nxd4 Qxd4 11. Bb5+ c6 12. Qxd4 Bc5 13. Qxg7 0-0-0 14. Bd3 Rhg8 15. Qxf7 Bxf2+ 16. Qxf2 Rdf8 17. Qe2 c5 18. Qxe6+ Kd8 19. Qd6+ Kc8 20. Bf5+ 1-0

[Event "Gatineau Fischer Memorial"]
[Site "Gatineau"]
[Date "2009.02.03"]
[Round "3"]
[White "Levesque, Andre"]
[Black "Berthiaume, Serge"]
[Result "1-0"]
[WhiteElo "1257"]
[BlackElo "1356"]
[PlyCount "77"]
[EventDate "2009.01.20"]
[EventType "swiss"]
[EventRounds "6"]
[EventCountry "CAN"]
[SourceTitle "EXT 2011"]
[Source "ChessBase"]
[SourceDate "2010.11.26"]
[SourceVersion "1"]
[SourceVersionDate "2010.11.26"]
[SourceQuality "1"]

1. e4 e5 2. Nf3 Nc6 3. Bb5 Bc5 4. c3 Nf6 5. d4 exd4 6. cxd4 Bb6 7. 0-0 0-0 8. Nc3 a6 9. Bc4 Na5 10. Bd3 Ba7 11. e5 Ne8 12. Re1 d6 13. Bg5 f6 14. exf6 Nxf6 15. Nd5 Nc6 16. Nxf6+ gxf6 17. Bh4 Nxd4 18. Nxd4 Bxd4 19. Bc4+ d5 20. Qxd4 c6 21. Bb3 Qd6 22. Re3 Be6 23. Rae1 c5 24. Qd3 c4 25. Bxc4 Rad8 26. Bb3 Qb4 27. Rxe6 Qxh4 28. Bxd5 Kh8 29. Qc3 Qg5 30. Bxb7 a5 31. Re7 Rd2 32. Qg3 Qh6 33. Be4 f5 34. Qe5+ Rf6 35. Re8+ Kg7 36. Re7+ Kg6 37. Bxf5+ Rxf5 38. Re6+ Rf6 39. Qxf6+ 1-0

[Event "Gatineau Hull CC 29 Ann-B"]
[Site "Gatineau"]
[Date "2008.09.30"]
[Round "4"]
[White "Levesque, Andre"]
[Black "Berthiaume, Serge"]
[Result "0-1"]
[WhiteElo "1418"]
[BlackElo "1246"]
[PlyCount "54"]
[EventDate "2008.09.09"]
[EventType "swiss"]
[EventRounds "5"]
[EventCountry "CAN"]
[SourceTitle "EXT 2022"]
[Source "ChessBase"]
[SourceDate "2021.10.06"]
[SourceVersion "1"]
[SourceVersionDate "2021.10.06"]
[SourceQuality "1"]

1. e4 e5 2. Nf3 Nc6 3. Bb5 d6 4. c3 Bd7 5. d4 a6 6. Ba4 Na5 7. 0-0 f6 8. Re1 b5 9. Bc2 Ne7 10. Nbd2 Ng6 11. b4 Nc4 12. Nxc4 bxc4 13. Nd2 a5 14. Nxc4 axb4 15. cxb4 Be7 16. dxe5 fxe5 17. Bb3 Bg5 18. Ne3 Nf4 19. Nd5 Nxd5 20. exd5 Ra7 21. Qh5+ g6 22. Qxg5 Qb8 23. a3 c6 24. Bc4 Bc8 25. Re3 Qb6 26. Rf3 Qd4 27. Rf7 Rxf7 0-1

[Event "Gatineau Hull CC 29 Ann-B"]
[Site "Gatineau"]
[Date "2008.09.09"]
[Round "1"]
[White "Levesque, Andre"]
[Black "Arsenault, Michel"]
[Result "0-1"]
[WhiteElo "1418"]
[BlackElo "1989"]
[PlyCount "64"]
[EventDate "2008.09.09"]
[EventType "swiss"]
[EventRounds "5"]
[EventCountry "CAN"]
[SourceTitle "EXT 2022"]
[Source "ChessBase"]
[SourceDate "2021.10.06"]
[SourceVersion "1"]
[SourceVersionDate "2021.10.06"]
[SourceQuality "1"]

1. e4 c5 2. Nc3 Nc6 3. f4 g6 4. Nf3 Bg7 5. Bc4 e6 6. 0-0 Nge7 7. d3 0-0 8. Be3 d5 9. exd5 exd5 10. Bxd5 Nxd5 11. Bxc5 Re8 12. Qd2 Nxc3 13. bxc3 Qd5 14. Bf2 Bg4 15. Bg3 Bxf3 16. Rxf3 Qa5 17. Be1 Rxe1+ 18. Qxe1 Bxc3 19. Qd1 Qc5+ 20. Kf1 Bxa1 21. Qxa1 Re8 22. c3 Re3 23. d4 Rxf3+ 24. gxf3 Qc4+ 25. Kf2 Ne7 26. Qb2 Qc7 27. Qd2 Nd5 28. Qe2 Qxf4 29. Qe8+ Kg7 30. Qe5+ Qxe5 31. dxe5 Nxc3 32. a3 b5 0-1

[Event "Gatineau Hull CC LEO-chB"]
[Site "Gatineau"]
[Date "2008.04.15"]
[Round "1"]
[White "Libersan, Mattieu"]
[Black "Levesque, Andre"]
[Result "1-0"]
[WhiteElo "1841"]
[BlackElo "1346"]
[PlyCount "95"]
[EventDate "2008.04.15"]
[EventType "swiss"]
[EventRounds "6"]
[EventCountry "CAN"]
[SourceTitle "EXT 2022"]
[Source "ChessBase"]
[SourceDate "2021.10.06"]
[SourceVersion "1"]
[SourceVersionDate "2021.10.06"]
[SourceQuality "1"]

1. Nf3 d5 2. g3 Nc6 3. Bg2 Nf6 4. d3 e5 5. Bg5 Be7 6. Nbd2 0-0 7. Bxf6 Bxf6 8. e4 d4 9. 0-0 Be6 10. Ne1 Qe7 11. f4 exf4 12. gxf4 Qd8 13. e5 Be7 14. Ne4 Rb8 15. Nf3 Bg4 16. Qe2 f5 17. Nf2 Bh5 18. Nh3 a6 19. Qf2 h6 20. Kh1 Kh8 21. Nhg1 Qd7 22. Ne2 Rbd8 23. Ng3 Bg6 24. Rg1 b5 25. Ne2 Bh7 26. a3 a5 27. Qg3 Rg8 28. h4 Qe8 29. Qf2 b4 30. axb4 Bxb4 31. Nexd4 Nxd4 32. Nxd4 Bc5 33. c3 Bxd4 34. cxd4 Qb5 35. Rac1 Qxd3 36. Rgd1 Qb3 37. d5 Rc8 38. Rd2 Qb6 39. Qxb6 cxb6 40. Rdc2 Rxc2 41. Rxc2 g5 42. hxg5 hxg5 43. fxg5 Rxg5 44. d6 Rg4 45. d7 f4 46. d8Q+ Rg8 47. Qf6+ Rg7 48. Rc7 1-0

[Event "Quebec-ch qual"]
[Site "Gatineau"]
[Date "2008.03.11"]
[Round "1"]
[White "Desjardins, Michel"]
[Black "Levesque, Andre"]
[Result "1-0"]
[WhiteElo "1965"]
[BlackElo "1418"]
[PlyCount "71"]
[EventDate "2008.03.11"]
[EventType "swiss"]
[EventRounds "5"]
[EventCountry "CAN"]
[SourceTitle "EXT 2011"]
[Source "ChessBase"]
[SourceDate "2010.11.26"]
[SourceVersion "1"]
[SourceVersionDate "2010.11.26"]
[SourceQuality "1"]

1. e4 c5 2. Nc3 Nc6 3. g3 g6 4. Bg2 Bg7 5. d3 d6 6. Be3 e6 7. Qd2 Qa5 8. f4 Bd7 9. Nf3 Nd4 10. 0-0 Bc6 11. a3 0-0-0 12. Rfb1 a6 13. b4 Qc7 14. Ra2 f5 15. Ne1 Ne7 16. a4 Kd7 17. b5 axb5 18. axb5 Rb8 19. bxc6+ bxc6 20. Rba1 Nb5 21. Nxb5 cxb5 22. Ra7 Rb7 23. Rxb7 Qxb7 24. e5 Qb6 25. Qa5 Nd5 26. Qxb6 Nxb6 27. Ra7+ Kd8 28. Rxg7 Nd5 29. Rb7 Re8 30. Bxd5 exd5 31. Rb8+ Ke7 32. Rxe8+ Kxe8 33. exd6 c4 34. Bc5 c3 35. Nf3 Kd7 36. Ne5+ 1-0

[Event "Gatineau Monarque Noir 2nd"]
[Site "Gatineau"]
[Date "2008.02.12"]
[Round "5"]
[White "Libersan, Mattieu"]
[Black "Levesque, Andre"]
[Result "1-0"]
[WhiteElo "1828"]
[BlackElo "1429"]
[PlyCount "35"]
[EventDate "2008.01.15"]
[EventType "swiss"]
[EventRounds "7"]
[EventCountry "CAN"]
[SourceTitle "EXT 2011"]
[Source "ChessBase"]
[SourceDate "2010.11.26"]
[SourceVersion "1"]
[SourceVersionDate "2010.11.26"]
[SourceQuality "1"]

1. e4 c5 2. Nf3 Nc6 3. d4 cxd4 4. Nxd4 g6 5. Nc3 Bg7 6. Be3 Nf6 7. Bc4 Qa5 8. 0-0 0-0 9. Bb3 d6 10. Qd2 Bd7 11. Rfe1 Rfe8 12. Rad1 Rac8 13. Nxc6 Bxc6 14. f3 a6 15. Bd4 b5 16. Bxf6 Bxf6 17. Nd5 Bxb2 18. Qxa5 1-0

[Event "Gatineau Monarque Noir 2nd"]
[Site "Gatineau"]
[Date "2008.01.22"]
[Round "2"]
[White "Levesque, Andre"]
[Black "Sunatori, Evelyne"]
[Result "1-0"]
[WhiteElo "1429"]
[BlackElo "1151"]
[PlyCount "101"]
[EventDate "2008.01.15"]
[EventType "swiss"]
[EventRounds "7"]
[EventCountry "CAN"]
[SourceTitle "EXT 2011"]
[Source "ChessBase"]
[SourceDate "2010.11.26"]
[SourceVersion "1"]
[SourceVersionDate "2010.11.26"]
[SourceQuality "1"]

1. e4 e5 2. Nc3 Nf6 3. f4 d6 4. h3 Be7 5. Bc4 0-0 6. Nf3 Nfd7 7. 0-0 b6 8. Nd5 Bf6 9. Nxf6+ Qxf6 10. fxe5 Nxe5 11. Nxe5 Qxe5 12. d3 Qd4+ 13. Rf2 Nd7 14. c3 Qe5 15. Bf4 Qe7 16. Qd2 h6 17. Raf1 Nf6 18. Bxh6 d5 19. exd5 Ne8 20. Bg5 f6 21. d6+ Qf7 22. Bxf7+ Rxf7 23. Bh4 Nxd6 24. Bg3 Be6 25. b3 Raf8 26. c4 Kh7 27. Bxd6 cxd6 28. d4 d5 29. c5 bxc5 30. dxc5 Rc8 31. Rc1 Rd7 32. b4 a6 33. Qd3+ Kg8 34. Qxa6 Re8 35. c6 Rd6 36. b5 Bc8 37. Qa3 Rde6 38. b6 R8e7 39. b7 Bxb7 40. cxb7 Rxb7 41. Qa8+ Kf7 42. Qxb7+ Kg6 43. Qxd5 Re7 44. h4 Kh6 45. Rc8 Re1+ 46. Kh2 Kg6 47. Rh8 Re5 48. h5+ Kg5 49. Qd2+ Re3 50. Qxe3+ Kg4 51. Qf4# 1-0

[Event "Gatineau Monarque Noir 2nd"]
[Site "Gatineau"]
[Date "2008.01.15"]
[Round "1"]
[White "Arsenault, Michel"]
[Black "Levesque, Andre"]
[Result "1-0"]
[WhiteElo "2006"]
[BlackElo "1429"]
[PlyCount "91"]
[EventDate "2008.01.15"]
[EventType "swiss"]
[EventRounds "7"]
[EventCountry "CAN"]
[SourceTitle "EXT 2011"]
[Source "ChessBase"]
[SourceDate "2010.11.26"]
[SourceVersion "1"]
[SourceVersionDate "2010.11.26"]
[SourceQuality "1"]

1. c4 f5 2. g3 Nf6 3. Bg2 e6 4. Nf3 Be7 5. 0-0 0-0 6. b3 d6 7. Bb2 Qe8 8. d3 Nbd7 9. Nc3 c6 10. a3 a5 11. b4 axb4 12. axb4 Rxa1 13. Bxa1 d5 14. Qb3 h6 15. cxd5 exd5 16. e4 fxe4 17. dxe4 Qf7 18. exd5 Nxd5 19. Nxd5 Qxd5 20. Qxd5+ cxd5 21. Ne5 Nxe5 22. Bxe5 Be6 23. Bc3 Rc8 24. Re1 Rxc3 25. Rxe6 Rc1+ 26. Bf1 Bxb4 27. Kg2 d4 28. Rb6 Bc3 29. Rxb7 Rd1 30. Rd7 Kf8 31. h4 Be1 32. Kf3 Rd2 33. Be2 Ke8 34. Rxg7 d3 35. Bxd3 Rxd3+ 36. Ke2 Kf8 37. Rb7 Rd4 38. Kxe1 Ra4 39. Kf1 Kg8 40. Kg2 Kh8 41. Kh3 Kg8 42. f4 Ra5 43. Re7 h5 44. Re5 Rxe5 45. fxe5 Kf7 46. g4 1-0